000 00498nam a22001937a 4500
005 20260530154552.0
008 260530b |||||||| |||| 00| 0 eng d
020 _a9783110649987
_c2640.71
040 _aMAIN
041 _aGerman
082 _a320.011
_bJOH
100 _aHahn, Henning (ed)
_926954
245 _aJohn Rawls: Das Recht der Völker
260 _aBerlin
_bDe Gruyter
_c2019
300 _a239
650 _aGerman Language
700 _aMosayebi, Reza (ed)
_926955
942 _cBK
999 _c60932
_d60932